000 00687nas a2200241 4500
001 BR7804169
003 BR-BrBNA
005 20231205083507.0
007 ta
008 230509b bl.|||p| |||| 00| 00por d
040 _aBR-BrBNA
_bpor
_cBiblioteca Nacional de Agricultura
041 _a(Pt)
072 _aP05
100 1 _aRocchiccioli, C.
245 1 _aO papel da engenharia na conservacao da energia
650 _aRecurso energetico
650 _aEnergia
650 _aConservacao
650 _aPetroleo
773 0 _tInformativo do INT (Brazil)
_xISSN 0019-0233
_g(Sep 1978), v. 11(20) p. 17-30
_wBR7804169
909 _a202311
_bLúcia
_c55
_dLúcia Elande
942 _2AGRIS
_n0
_cANA
999 _c99190
_d99190